Graphic works of Max Klinger
Kaydedildi:
| Asıl Yazarlar: | , |
|---|---|
| Materyal Türü: | Kitap |
| Dil: | İngilizce |
| Baskı/Yayın Bilgisi: |
Nueva York
Dover
1977
|
| Seri Bilgileri: | Collections of Graphic Art
|
| Konular: | |
| Etiketler: |
Etiketle
Etiket eklenmemiş, İlk siz ekleyin!
|
MARC
| LEADER | 00000nam a2200000 a 4500 | ||
|---|---|---|---|
| 001 | UCO4568 | ||
| 003 | CL-VaPUC | ||
| 008 | 000804e19770000US |||||||||||||||||eng|d | ||
| 082 | 0 | 4 | |a 741.943 |b KIR |2 21 |
| 100 | 0 | |a Kirk, J |e author |9 449134 | |
| 700 | 0 | |a Varnedoe, T |e author |9 449135 | |
| 245 | 1 | 0 | |a Graphic works of Max Klinger |
| 300 | |a 99 p | ||
| 942 | |c BK | ||
| 945 | |d 20000804 00:00:00 |a crobeson | ||
| 260 | |a Nueva York |b Dover |c 1977 | ||
| 500 | |a Contiene 74 láminas | ||
| 600 | 0 | 7 | |a KLINGER, MAX |2 CL-VaPUC |9 449136 |
| 650 | 7 | |a DIBUJANTES |2 CL-VaPUC |9 322422 | |
| 650 | 0 | |a Artistas alemanes |9 449137 | |
| 650 | 0 | |a Biografías |9 255210 | |
| 650 | 0 | |a Vida y obra |9 311871 | |
| 583 | |a last modification |c 20000804 00:00:00 |k Rodrigo Vera | ||
| 490 | 0 | |a Collections of Graphic Art | |
| 999 | |c 290598 |d 290596 | ||
| 952 | |0 0 |1 0 |4 0 |6 741_943000000000000_KIR_1977 |7 0 |8 R |9 340116 |a BIBART |b BIBART |d 2019-11-20 |i 1214284 |o 741.943 KIR 1977 |p 1214284 |r 2025-03-13 |w 2019-11-20 |y BK_R |k ART | ||